FTC names its dirty dozen : 12 scams most likely to arrive via bulk e-mail.

Bibliographic Details
Corporate Author: United States. Federal Trade Commission. Office of Consumer and Business Education
Format: Government Document Book
Language:English
Published: [Washington, D.C.] : Federal Trade Commission, Bureau of Consumer Protection, Office of Consumer and Business Education, [1998]
Series:FTC consumer alert.
Subjects:
Online Access:https://purl.fdlp.gov/GPO/LPS29598

MARC

Tag First Indicator Second Indicator Subfields
LEADER 00000cam a2200000K 4500
001 in00001748331
005 20220106085822.0
006 m d f
008 020214s1998 dcu s f000 0 eng d
029 0 |a N@F  |b 546206 
035 |a (OCoLC)ocm49058160 
040 |a N@F  |b eng  |c N@F  |d OCLCQ  |d GPO  |d MvI 
049 |a WWW 
074 |a 0535-A-05 (online) 
086 0 |a FT 1.32/4:2003011069 
245 0 0 |a FTC names its dirty dozen :  |b 12 scams most likely to arrive via bulk e-mail. 
264 1 |a [Washington, D.C.] :  |b Federal Trade Commission, Bureau of Consumer Protection, Office of Consumer and Business Education,  |c [1998] 
336 |a text  |b txt  |2 rdacontent 
337 |a computer  |b c  |2 rdamedia 
338 |a online resource  |b cr  |2 rdacarrier 
490 1 |a FTC consumer alert 
538 |a System requirements: Adobe Acrobat Reader. 
538 |a Mode of access: Internet from the FTC web site. Address as of 4/14/03: http://www.ftc.gov/bcp/conline/pubs/alerts/doznalrt.pdf; current access is available via PURL. 
500 |a Title from title screen (viewed on Apr. 14, 2003). 
650 0 |a Spam (Electronic mail) 
650 0 |a Internet fraud. 
710 1 |a United States.  |b Federal Trade Commission.  |b Office of Consumer and Business Education. 
830 0 |a FTC consumer alert. 
856 4 0 |u https://purl.fdlp.gov/GPO/LPS29598  |t 0 
856 4 0 |u https://purl.fdlp.gov/GPO/LPS29598  |t 0 
999 f f |s b6afc2b4-bbc6-38f1-ae8d-7debf55423f0  |i 2105b0f2-29a3-3482-971c-b4fcc3bb1ca3  |t 0 
952 f f |a Texas A&M University  |b College Station  |c Electronic Resources  |d Available Online  |t 0  |e FT 1.32/4:2003011069  |h Superintendent of Documents classification 
998 f f |a FT 1.32/4:2003011069  |t 0  |l Available Online